000 00802nam a2200169 i 4500
001 165390
003 ES-MaACL
005 20230906213128.0
008 991229s1882 po |||| | por d
100 1 _aSimões, Augusto Filippe.
_9132764
245 1 2 _aA Exposição Retrospectiva de Arte Ornamental Portugueza e Hespanhola em Lisboa /
_ccarta ao director do Correio da Noite por A. Filippe Simões ; com uma carta do Fernando Palha ao autor ácerca da collecção de ceramica.
260 _aLisboa :
_b[s.n.],
_c1882 (
_fTyp. Universal de Thomaz Quintino Antunes)
300 _a[2], 209, [2] p. ;
_c19 cm.
611 2 4 _aExposição Retrospectiva de Arte Ornamental Portugueza e Hespanhola.
_d1882.
_cLisboa)
_9135158
700 1 _aPalha, Fernando.
_9130796
852 _aES-MaACL
_jG-8661
_z- Enc. pasta
999 _c165390
_d165390